Statystyki dla Spotify - top 10 najczęściej słuchane albumy w Polsce 2022

Kliknij tutaj aby rozwiązać quiz!

Ogólne statystyki

  • Ten quiz został rozwiązany 136 razy
  • Średni wynik to 4 z 10

Statystyki odpowiedzi

MiejsceAlbum% Poprawnych
2.Mata - Młody Matczak
76%
1.SB Maffija - Hotel Maffija 2
67%
4.Oki - PRODUKT47
51%
6.White 2115 - Pretty Boy
41%
3.sanah - UCZTA
34%
5.sanah - Irenka
27%
10.Mata - 100 dni do matury
26%
7.Kinny Zimmer - LETNISKO
24%
8.Young Igi - amfisbena
15%
9.Kizo - Jeszcze 5 minut
10%

Rozkład punktacji

Percentyl według liczby udzielonych odpowiedzi

Procent ludzi z każdym wynikiem

Twoja historia wyników

Nie rozwiązałeś tego quizu